000 00467nam a2200169Ia 4500
999 _c7411
_d7411
003 OSt
005 20201118152929.0
008 190216s9999||||xx |||||||||||||| ||und||
020 _a8173814430
040 _coclc
082 _a657
_bPAU/F
100 _aPaul, S Kr
_91241
245 0 _aFinancial Accounting /
_cS Kr Paul
260 _bNew Central Book Agencies,
_aKolkata,
_c2005.
300 _a1282p
942 _cBK
_2ddc
_h657
_iPAU/F
_k657
_mPAU/F